TODOS los usuarios con un prueba destacada en español - Estadísticas

Estadísticas generales
  • Esta prueba ha sido intentada 87 veces
  • La puntuación promedio es 3 de 30
Estadísticas de respuestas
# Usuario % Correcto
374 Jato3
93%
1.033 Gamer1162
27%
29 Stewart
15%
4 cathlete
14%
1 Ghugoo
11%
7 Gassu
7%
1 baptistegorce
6%
1 BolyaiAnna
6%
1 Gohokiesandturtles
6%
1 MJDSPAIN
6%
7 OskarRB
6%
1 Pandora49
6%
24 Quizgas
6%
1 UG332
6%
1 WolfCam
6%
3 Azgyr
4%
1 edavmon
4%
1 Emchupi
4%
1 G2
4%
5 GamerandJerry
4%
17 Jerry928
4%
2 Jiaozira
4%
2 Momillo
4%
2 Nathaniel
4%
1 PabMaps
4%
1 QuantumMechanist
4%
1 relessness
4%
2 scambiandJerry
4%
5 skukka
4%
2 sonofapollo
4%
No se encontraron pruebas coincidentes
Distribución de puntuación
Porcentaje de gente con cada puntuación
Porcentaje por número respondido
Historial de tus puntuaciones
No has intentado esta prueba.